00903nam a2200217 a 450000100100000000500170001000800410002704000250006808200130009310000240010624501180013026000320024830000170028049000350029770000350033270000350036783000420040295201120044495201120055699900170066800003991220201002033814.0130729s1961 mx 000 0 spa d aDO-SdBNPbspacBNPHU axxxbxxx1 aFrank, Waldo96611910aObras escogidas /cWaldo David Frank ; traducción de María R. Oliver ... [et al.] prólogo de Ramón Barce. aMéxico :bAguilar,c1961. av. ;c19 cm.1 aBiblioteca de autores modernos1 aOliver, María R.etr.9661201 aBarce, Ramónepról.966121 0aBiblioteca de autores modernos923890 0010507-18MOaGRbGRcOId2013-07-29iLF1l0oxxx xxxp39912-10r2020-06-25w2020-06-25y1ZNo se presta 0010507-18MOaGRbGRcOId2013-07-29iLF1l0oxxx xxxp39913-10r2020-06-25w2020-06-25y1ZNo se presta c39402d39402